The Crimson Permanent Assurance - Monty Python Quiz Stats

 Plays Quiz not verified by Sporcle

Challenge
Share
Tweet
Embed
Score 0/11 Timer 03:00
0 Plays Today
% Correct
tax
76.9%
Sailing
74.4%
charter
74.4%
accountancy
74.4%
Sailing
74.4%
premium
71.8%
fairly
71.8%
bankrupcy
69.2%
funds
59%
insurance
51.3%
wild
38.5%

You're not logged in!

Compare scores with friends on all Sporcle quizzes.
Join for Free
OR
Log In

You Might Also Like...

Show Comments

Extras

Top Quizzes Today


Score Distribution

Your Account Isn't Verified!

In order to create a playlist on Sporcle, you need to verify the email address you used during registration. Go to your Sporcle Settings to finish the process.

Report this User

Report this user for behavior that violates our Community Guidelines.

Details: